000 00525nam a2200157 a 4500
001 000042185
005 20220425123923.0
008 131119s1975 xxu 000 0 spa d
040 _aDO-SdBNP
_bspa
_cBNPHU
245 0 0 _aVivienda :
_bdocumento de política sectorial.
246 1 4 _aVivienda :
_bdocumento de política sectorial
260 _aWashington :
_bBanco Mundial :,
_c1975.
300 _a95 p. ;
_c22 cm.
504 _aIncluye referencias bibliográficas y notas al pie de las páginas
710 2 _aBanco Mundial
_932071
999 _c41674
_d41674